000 00307nam a22001217a 4500
008 180426b xxu||||| |||| 00| 0 eng d
041 _aeng
080 _a043.3
100 _a0
101 _aMBE-BA
245 _aNdikimi i Marketingut ne Performancen e Bizneseve: Rasti Kosove
_cMulliqi, V
942 _2udc
_cBK
999 _c45591
_d45591